Gu Zhou yi : fu gu zhou yi kao /

Saved in:
Bibliographic Details
Main Author: Lü, Zuqian, 1137-1181.
Other Authors: Xiang, Shi'an, -1208.
Format: Book
Language:Chinese
Published: [Taibei] : Cheng wen chu ban she, [Min guo 65 i.e. 1976]
Edition:Tai 1 ban.
Series:Wu qiu bei zhai Yi jing ji cheng ; 110-111.
Subjects:
Tags: Add Tag
No Tags, Be the first to tag this record!
LEADER 01765cam a2200373 i 4500
001 007743987-2
005 20024617112705.0
008 980321r1976uuuuch 000 0 chi
010 |a 78835878 /C 
035 0 |a ocm38766330 
040 |a DLC  |c *YNH*  |d CStRLIN 
050 0 0 |a PL2464.Z6  |b W86 vol. 110-111 
100 1 |6 880-01  |a Lü, Zuqian,  |d 1137-1181. 
245 1 0 |6 880-02  |a Gu Zhou yi :  |b fu gu zhou yi kao /  |c Yu Zuqian zhuan. 
250 |6 880-03  |a Tai 1 ban. 
260 |6 880-04  |a [Taibei] :  |b Cheng wen chu ban she,  |c [Min guo 65 i.e. 1976] 
300 |a 2 v. (46, 58, 160, 700 p.) ;  |c 21 cm. 
490 1 |6 880-05  |a Wu qiu bei zhai Yi jing ji cheng ;  |v 110-111 
500 |a A collection of four reprints. 
505 0 |6 880-06  |a Gu zhou yi, fu gu zhou yi kao / Lü Zuqian -- Yi jing ao lun : 1 juan / Zheng Qiao -- Yi shuo : 4 juan / Zhao Shanju -- Zhou yi wan ci : juan 1-3 -- [2]. Zhou yi wan ci : juan 4-6 / Xiang Shi'an. 
630 0 0 |6 880-07  |a Yi jing. 
700 1 2 |6 880-08  |a Xiang, Shi'an,  |d -1208.  |t Zhou yi wan ci.  |f 1976. 
880 1 |6 100-01  |a 呂祖謙,  |d 1137-1181. 
880 1 0 |6 245-02  |a 古周易 :  |b 附古周易考 /  |c 呂祖謙撰. 
880 |6 250-03  |a 臺1版. 
880 |6 260-04  |a [台北] :  |b 成文出版社,  |c [民國65 i.e. 1976] 
880 1 |6 490-05  |a 無求備齋易經集成 ;  |v 110-111 
880 0 |6 505-06  |a 古周易, 附古周易考 / 呂祖謙 -- 易經奧論 : 1卷 / 鄭樵 -- 易說 : 4卷 / 趙善舉 -- 周易玩辭 : 卷1-3 / 項世安 -- [2]. 周易玩辭 : 卷4-16 / 項世安. 
880 0 0 |6 630-07  |a 易經. 
880 1 2 |6 700-08  |a 項世安,  |d -1208.  |t 周易玩辭.  |f 1976. 
830 0 |6 880-55  |a Wu qiu bei zhai Yi jing ji cheng ;  |v 110-111. 
880 0 |6 830-55  |a 無求備齋易經集成 ;  |v 110-111. 
988 |a 20021121 
906 |0 DLC